000
00255nam a2200109Ia 4500
008
190914s9999||||xx |||||||||||||| ||und||
100
_a
Larman,Craig
245
0
_a
APPling UML And Patterns
260
_a
USA
_b
McGraw Hill
_c
1998
300
_a
218
942
_c
BK
999
_c
8420
_d
8420